000 00635nam a2200229 i 4500
001 C2-0155302
003 PPAK
005 20180727132323.0
008 980405s1984 enka|||| ||||| | eng d
020 _a0500273294
040 _aPPAK
_beng
_cPPAK
_erda
082 0 4 _a646.407
_223
090 0 0 _a646.407
_bLEE
_dR
100 1 _aLee-Potter, Charlie,
_eauthor
245 1 0 _aSportswear in vogue since 1910
264 1 _aLondon :
_bThames and Hudson ,
_c1984
300 _a94 pages :
_bcolour illustrations ;
_c24 cm
336 _2rdacontent
_atext
337 _2rdamedia
_aunmediated
338 _2rdacarrier
_avolume
942 _ddc
_cB
999 _c47896
_d47896